Biblioteca

Nuevas formas de poder : (Registro nro. 69309)

Detalles MARC
000 -LÍDER
Campo fijo de descripción fija 01661nam a2200313 i 4500
001 - NÚMERO DE CONTROL
Campo de control 768714001
003 - IDENTIFICADOR DEL NÚMERO DE CONTROL
Campo de control CO-MdFUSB
005 - FECHA Y HORA DE LA ULTIMA TRANSACCIÓN
control field 20240828081601.0
008 - ELEMENTOS DE LONGITUD FIJA -- INFORMACIÓN GENERAL
Campo fijo de descripción fija -- Información general 240221t2005 ec |||| |||| 00| 0dspa d
020 ## - NÚMERO INTERNACIONAL NORMALIZADO PARA LIBROS
Número Internacional Normalizado del libro 997891059x
040 ## - FUENTE DE CATALOGACIÓN
Agencia de catalogación original CO-MdFUSB
Idioma de catalogación spa
Agencia que realiza la transcripción CO-MdFUSB
Agencia que realiza la modificación CO-MdFUSBC
Convenciones de la descripción rda
041 ## - CÓDIGO DE IDIOMA
Código de idioma para texto/pista de sonido o título separado spa
082 ## - NÚMERO DE CLASIFICACIÓN DECIMAL DEWEY
Número de la edición del Dewey 23
Número de clasificación 278.07
Clave de autor-Numero de item G934
100 ## - ASIENTO PRINCIPAL--NOMBRE PERSONAL
Nombre personal Guerrero Fariño, Freddy,
Término relacionador autor
245 1# - TÍTULO
Título del Material Nuevas formas de poder :
Parte restante del título - Subtitulo movimientos apostólicos y mesianismos "evangélicos"
Mención de responsabilidad, etc. / Freddy Guerrero Fariño , Yattenciy Bonilla Cerquera
250 ## - MENCIÓN DE EDICIÓN
Mención de edición Nueva edición
264 #1 - PRODUCCIÓN, PUBLICACIÓN, DISTRIBUCIÓN, MANUFACTURA, Y COPYRIGHT
Nombre del productor, publicador, distribuidor FLEREC,
Lugar de producción, publicación, distribución, manufactura Quito, Ecuador :
Fecha de producción, publicación, distribución, manufactura, o copyright [2005]
264 #4 - PRODUCCIÓN, PUBLICACIÓN, DISTRIBUCIÓN, MANUFACTURA, Y COPYRIGHT
Fecha de producción, publicación, distribución, manufactura, o copyright ©2005
300 ## - DESCRIPCIÓN FÍSICA
Extensión 127 páginas
Dimensiones ; 15 cm
336 ## - TIPO DE CONTENIDO
Fuente rdacontent
Término de tipo de contenido texto
Código de tipo de contenido txt
337 ## - TIPO DE MEDIO
Fuente rdamedia
Nombre del tipo de medio sin mediación
Código del tipo de medio n
338 ## - TIPO DE SOPORTE
Fuente rdacarrier
Nombre del tipo de soporte volumen
Código Tipo de soporte nc
505 ## - NOTA DE CONTENIDO
Título Primera parte:
Nota de contenido con formato preestablecido Una lectura de las tendencias eclesiales latinoamericanas. -- Lectura de la realidad latinoamericana desde la clave del "poder". -- Una nueva reforma eclesial la cuestión apostólica en el nuevo testamento. -- Perspectiva sobre la apostolicidad: iglesia y ministerio. -- Apuntes para una teología neotestamentaria de lo apostólico. -- Proposiciones teológicas-pastorales sobre el movimiento apostólico contemporáneo.
Título Segunda parte:
Nota de contenido con formato preestablecido ¿Qué es el movimiento mesiánico?. -- defensa de la fe en contra de las enseñanzas del mesianismo. -- Libertad en Cristo contra las tradiciones mesiánicas impuestas. -- Vigencia y desafíos del ministerio apostólico.
563 ## - NOTA DE ENCUADERNACIÓN
Nota de encuadernación Rústica
650 #7 - ASIENTO SECUNDARIO DE MATERIA - TERMINO TEMÁTICO
Término temático o nombre geográfico como elemento de entrada Iglesia y Estado
9 (RLIN) 288
700 ## - ASIENTO SECUNDARIO - NOMBRE PERSONAL
Nombre personal Bonilla Cerquera, Yattenciy,
9 (RLIN) 9120
Responsabilidad autor
942 ## - TIPO DE MATERIAL (KOHA)
Tipo de Item KOHA Libros General
945 ## - INFORMACIÓN LOCAL DEL REGISTRO
Catalogador Luz Peña
Existencias
Estado de Material Estado de Perdido Forma de Clasificación Estado de Dañado No para Préstamo Biblioteca de Origen Biblioteca Permanente Fecha de Adquisición Total de Préstamos Signatura Topográfica Código de Barras Última vez visto Ejemplar/Existencia Fecha de Remplazo Tipo de Material
    Dewey Decimal Classification     Biblioteca FUSBC Biblioteca FUSBC 21/02/2024   G 278.07 G934n 23811 21/02/2024 Ej. 1 21/02/2024 Libros General

Biblioteca FUSBC | Teléfono: (57+4) 349 88 10 Ext. 141| WhatsApp (+57) 3005338115 
E-mail: biblioteca@unisbc.edu.co | Calle 76 87-14 Robledo Palenque, Medellín, Colombia

Con tecnología Koha